MARC details
| 000 -CABECERA |
| campo de control de longitud fija |
02027nam a22002778i 4500 |
| 001 - NÚMERO DE CONTROL |
| campo de control |
991027022417707026 |
| 003 - IDENTIFICADOR DEL NÚMERO DE CONTROL |
| campo de control |
UkOxU |
| 007 - CAMPO FIJO DE DESCRIPCIÓN FÍSICA--INFORMACIÓN GENERAL |
| campo de control de longitud fija |
t| |
| 008 - DATOS DE LONGITUD FIJA--INFORMACIÓN GENERAL |
| campo de control de longitud fija |
240110s2024 vra 000|0|eng|d |
| 020 ## - NÚMERO INTERNACIONAL ESTÁNDAR DEL LIBRO |
| Número Internacional Estándar del Libro |
9781788680615 |
| 035 ## - NÚMERO DE CONTROL DEL SISTEMA |
| Número de control de sistema |
()9781788680615 |
| 035 ## - NÚMERO DE CONTROL DEL SISTEMA |
| Número de control de sistema |
(StEdALDL)1/4419794 |
| 040 ## - FUENTE DE LA CATALOGACIÓN |
| Centro catalogador/agencia de origen |
StDuBDS |
| Lengua de catalogación |
eng |
| Centro/agencia transcriptor |
StDuBDS |
| Normas de descripción |
rda |
| Centro/agencia modificador |
UkOxU |
| 041 0# - CÓDIGO DE LENGUA |
| Código de lengua del texto/banda sonora o título independiente |
eng |
| -- |
ger |
| 245 00 - MENCIÓN DE TÍTULO |
| Título |
German phrasebook & dictionary. |
| 250 ## - MENCIÓN DE EDICIÓN |
| Mención de edición |
Eighth edition. |
| 260 ## - PUBLICACIÓN, DISTRIBUCIÓN, ETC. |
| Lugar de publicación, distribución, etc. |
Carlton : |
| Nombre del editor, distribuidor, etc. |
Lonely Planet, |
| Fecha de publicación, distribución, etc. |
2024. |
| 300 ## - DESCRIPCIÓN FÍSICA |
| Extensión |
272 pages : |
| Otras características físicas |
illustrations (color) ; |
| Dimensiones |
14 cm. |
| 490 0# - MENCIÓN DE SERIE |
| Mención de serie |
Lonely Planet phrasebooks |
| 520 ## - SUMARIO, ETC. |
| Sumario, etc. |
Lonely Planet's German Phrasebook and Dictionary is your handy passport to culturally enriching travels with the most relevant and useful German phrases and vocabulary for all your travel needs. Order a beer at Oktoberfest, buy a ticket to the opera or chat with locals; all with your trusted travel companion.<br/><br/>Get More From Your Trip with Easy-to-Find Phrases for Every Travel Situation!<br/><br/>Feel at ease with essential tips on culture, manners, idioms and multiple meanings —<br/>Order with confidence, explain food allergies, and try new foods with the menu decoder — <br/>Save time and hassles with vital phrases at your fingertips — <br/>Never get stuck for words with the 3500-word two-way, quick-reference dictionary — <br/>Be prepared for both common and emergency travel situations with practical phrases and terminology — <br/>Meet friends with conversation starter phrases — <br/>Get your message across with easy-to-use pronunciation guides.<br/><br/>Inside Lonely Planet's German Phrasebook and Dictionary:<br/>Full-colour throughout — <br/>User-friendly layout organised by travel scenario categories — <br/>Survival phrases inside front cover for at-a-glance, on-the-fly cues — <br/>Convenient features. |
| 650 #0 - PUNTO DE ACCESO ADICIONAL DE MATERIA--TÉRMINO DE MATERIA |
| Término de materia o nombre geográfico como elemento de entrada |
German language |
| Subdivisión de forma |
Conversation and phrase books |
| Subdivisión general |
English |
| 9 (RLIN) |
25335 |
| 650 #0 - PUNTO DE ACCESO ADICIONAL DE MATERIA--TÉRMINO DE MATERIA |
| Término de materia o nombre geográfico como elemento de entrada |
German language |
| Subdivisión de forma |
Dictionaries |
| Subdivisión general |
English |
| 9 (RLIN) |
10068 |
| 655 #0 - TÉRMINO DE INDIZACIÓN--GÉNERO/FORMA |
| Datos o término principal de género/forma |
Phrase books |
| 9 (RLIN) |
25062 |
| 655 #0 - TÉRMINO DE INDIZACIÓN--GÉNERO/FORMA |
| Datos o término principal de género/forma |
Dictionaries |
| 9 (RLIN) |
23843 |
| 942 ## - ELEMENTOS DE ENTRADA AGREGADA (KOHA) |
| Fuente del sistema de clasificación o colocación |
Clasificación de Library of Congress |